Suid-Afrikaanse Regskommissie : (Record no. 502)

MARC details
000 -LEADER
fixed length control field 00602nam a22001697a 4500
005 - DATE AND TIME OF INPUT
control field 20240122124136.0
008 - DATA ELEMENTS--GENERAL INFORMATION
fixed length control field 231110b |||||||| |||| 00| 0 eng d
020 ## - INTERNATIONAL STANDARD BOOK NUMBER
International Standard Book Number 0621113581
041 ## - LANGUAGE CODE
Language code of text Afrikaans / English
082 ## - SHELF NUMBER
DDC number 346.1 SOU
100 ## - MAIN AUTHOR
Language of a work Afrikaans
245 ## - TITLE STATEMENT
Title Suid-Afrikaanse Regskommissie :
Sub-title Verslag oor die ondersoek na die moontlikheid om voorsiening te maak dat 'n geskiede vrou in die pensioenvoordele van haar voormalige gade kan deel
260 ## - PUBLICATION, DISTRIBUTION, ETC.
Date of publication, distribution, etc. 1986
300 ## - PHYSICAL DESCRIPTION
Other physical details xi, 78 pages ;
Dimensions 26 cm.
650 ## - SUBJECT`
Broad subject Legal practice
Own subject terms Law
942 ## - ADDED ENTRY ELEMENTS (KOHA)
Item type Books
942 ## - ADDED ENTRY ELEMENTS (KOHA)
-- ALISON_BN_VRIES
Holdings
Source of classification or shelving scheme Not for loan Collection code Home library Current library Shelving location Date acquired Full call number Barcode Price effective from Koha item type
Dewey Decimal Classification   TEXT BOOKS LAW SOCIETY OF NAMIBIA LIBRARY - WINDHOEK LAW SOCIETY OF NAMIBIA LIBRARY - WINDHOEK Contract law 11/10/2023 34.1 SOU LSN/1988/51 11/10/2023 Books
Dewey Decimal Classification   TEXT BOOKS LAW SOCIETY OF NAMIBIA LIBRARY - WINDHOEK LAW SOCIETY OF NAMIBIA LIBRARY - WINDHOEK Contract law 01/22/2024 346.1 SOU LSN/1988/50 01/22/2024 Books